| Tag |
First Indicator |
Second Indicator |
Subfields |
| LEADER |
00000pam a2200000 a 4500 |
| 001 |
in00000091075 |
| 005 |
20151008063911.0 |
| 008 |
801009s1980 maua 00110 eng |
| 010 |
|
|
|a 80025620
|
| 020 |
|
|
|a 0262010631
|
| 035 |
|
|
|a (OCoLC)06914987
|
| 035 |
|
|
|9 AAK3144AM
|
| 040 |
|
|
|a DLC
|c DLC
|d TXA
|d UtOrBLW
|
| 049 |
|
|
|a TXAM
|c [1672660]
|
| 050 |
0 |
0 |
|a QA462
|b .A23 1981
|
| 082 |
0 |
|
|a 516/.007/8
|2 19
|
| 100 |
1 |
|
|a Abelson, Harold.
|
| 245 |
1 |
0 |
|a Turtle geometry :
|b the computer as a medium for exploring mathematics /
|c Harold Abelson, Andrea A. diSessa.
|
| 264 |
|
1 |
|a Cambridge, Mass. :
|b MIT Press,
|c [1980]
|
| 264 |
|
3 |
|c 1981 printing
|
| 264 |
|
4 |
|c ©1980
|
| 300 |
|
|
|a xx, 477 pages :
|b illustrations ;
|c 24 cm.
|
| 336 |
|
|
|a text
|b txt
|2 rdacontent
|
| 337 |
|
|
|a unmediated
|b n
|2 rdamedia
|
| 338 |
|
|
|a volume
|b nc
|2 rdacarrier
|
| 490 |
1 |
|
|a The MIT Press series in artificial intelligence
|
| 500 |
|
|
|a Includes index.
|
| 650 |
|
0 |
|a Geometry
|x Study and teaching.
|
| 650 |
|
0 |
|a Computer-assisted instruction.
|
| 700 |
1 |
|
|a DiSessa, Andrea A.
|
| 830 |
|
0 |
|a MIT Press series in artificial intelligence.
|
| 999 |
|
|
|a MARS
|
| 999 |
f |
f |
|s c719e2f1-4c38-3107-93a5-0401b035ad80
|i c97096bf-f9f4-39a3-ab0a-3f8e8779bd25
|t 0
|
| 952 |
f |
f |
|p normal
|a Texas A&M University
|b Galveston Campus
|c Jack K. Williams Library
|d Galveston Stacks
|t 0
|e QA462 .A23 1981
|h Library of Congress classification
|i unmediated -- volume
|m 33620000362836
|
| 952 |
f |
f |
|p normal
|a Texas A&M University
|b College Station
|c Sterling C. Evans Library
|d Evans: Library Stacks
|t 0
|e QA462 .A23 1981
|h Library of Congress classification
|i unmediated -- volume
|m A14806205663
|
| 998 |
f |
f |
|a QA462 .A23 1981
|t 0
|l Evans: Library Stacks
|
| 998 |
f |
f |
|a QA462 .A23 1981
|t 0
|l Galveston Stacks
|